| 000 | 00968aas a2200241 4500 | ||
|---|---|---|---|
| 999 |
_c4235 _d4235 |
||
| 003 | BR-BrBNA | ||
| 005 | 20230317234046.0 | ||
| 007 | ta | ||
| 008 | 230119b bl ||||| |||| 00| 0 por d | ||
| 035 | _a000485-5 | ||
| 040 |
_aBR-BrBNA _bGerEng _cBR-BrBNA |
||
| 042 | _aN | ||
| 044 | _abl | ||
| 245 |
_aReport on Notifiable Animal Diseases _bAlemanha _cFederal Republic of Germany |
||
| 260 |
_aBonn, Alemanha, DE _bFederal Republic of Germany _c2002 _eDE |
||
| 270 | _aHerausgeber: Bundesministerium fur Verbraucherschutz, Ernahrung und Landwirtschaft. 53123 Bonn, Fernruf: 02 28 / 529-3626 | ||
| 310 | _amensal | ||
| 500 | _aEste periodico e encaminhado regurlamente pelo Departamento de Defesa Animal - Coordenacao de Vigilancia e programa Sanitario (Mara ramal: 2236)e arquivado na Sala 148B - Servico de Documentacao Internacional | ||
| 505 | _a2002 (jun,ago-dez); 2003 (jan-aug); | ||
| 650 | 1 | 2 | _gDEFESA ANIMAL; PECUARIA |
| 909 |
_a56 _bSergio Santos _c56 _dSergio Santos |
||
| 942 |
_cCR _2AGRIS |
||